000 00904nam a22002537a 4500
005 20121221145030.0
008 121221t xxu||||| |||| 00| 0 eng d
010 _aENG-106480
020 _a9788178359199
_c750.00
035 _aEN-90013
037 _bDBAD/PUB
040 _aDPL
_bENG
082 _a320.95493
100 _954518
_aRajkumar Singh
245 _aEthnic politics and LTTE in Sri Lanka /
_cby Rajkumar Singh
260 _aDelhi
_bKalpaz Publications
_c2012
270 _aC-30, Satyawati Nagar
_bDelhi
_e110052
_k9212729499
_mkalpaz@hotmail.com
300 _a266p.
_c23cm (Hb)
500 _aIncludes bibliographical references and index
650 _925408
700 _925410
942 _2ddc
_cEN
_mRAJ
_h320.95493
999 _c72416
_d72416